NBA Rookie of the Year - Statistiques

Statistiques générales
  • Ce quiz a été pris 224 fois
    221 depuis la dernière actualisation
  • Le résultat moyen est 17 sur 67
Statistiques - réponses
Saison Joueur % Correct
2003-2004 Lebron James
94%
1984-1985 Michael Jordan
88%
2007-2008 Kevin Durant
70%
1992-1993 Shaquille O'Neal
70%
1979-1980 Larry Bird
68%
2018-2019 Luka Doncic
67%
1996-1997 Allen Iverson
63%
2017-2018 Ben Simmons
63%
1997-1998 Tim Duncan
63%
1959-1960 Wilt Chamberlain
61%
2011-2012 Kyrie Irving
58%
2008-2009 Derrick Rose
57%
1969-1970 Lew Alcindor / Kareem Abdul Jabbar
55%
2012-2013 Damian Lillard
51%
1989-1990 David Robinson
51%
2015-2016 Kark-Anthony Towns
49%
2010-2011 Blake Griffin
47%
2005-2006 Chris Paul
46%
2014-2015 Andrew Wiggins
42%
2013-2014 Michael Carter-Williams
42%
1977-1978 Walter Davis
41%
1994-1995 Grant Hill / Jason Kidd
40%
1998-1999 Vince Carter
40%
1985-1986 Patrick Ewing
36%
1981-1982 Buck Williams
32%
1960-1961 Oscar Robertson
32%
2016-2017 Malcolm Brogdon
27%
1968-1969 Wes Unseld
24%
2001-2002 Pau Gasol
21%
2006-2007 Brandon Roy
18%
1993-1994 Chris Webber
18%
1958-1959 Elgin Baylor
18%
2009-2010 Tyreke Evans
17%
1972-1973 Bob MacAdoo
16%
2000-2001 Mike Miller
15%
1954-1955 Bob Petit
13%
2002-2003 Ama're Stoudemire
12%
1999-2000 Elton Brand / Steve Francis
12%
1964-1965 Willis Reed
12%
1965-1966 Rick Barry
11%
1970-1971 Dave Cowens / Geoff Petrie
9%
2004-2005 Emeka Okafor
9%
1983-1984 Ralph Sampson
9%
1976-1977 Adrian Dantley
7%
1991-1992 Larry Jonhson
6%
1987-1988 Mark Jackson
6%
1988-1989 Mitch Richmond
6%
1967-1968 Earl Monroe
5%
1990-1991 Derrick Coleman
4%
1961-1962 Walt Bellamy
4%
1995-1996 Damon Stoudamire
3%
1963-1964 Jerry Lucas
3%
1986-1987 Chuck Pearson
2%
1966-1967 Dave Bing
2%
1956-1957 Tom Heinsohn
2%
1975-1976 Alvan Adams
1%
1980-1981 Darrell Griffith
1%
1952-1953 Don Meineke
1%
1973-1974 Ernie DiGregorio
1%
1974-1975 Jamaal Wilkes
1%
1955-1956 Maurice Stokes
1%
1978-1979 Phil Ford
1%
1953-1954 Ray Felix
1%
1971-1972 Sidney Wicks
1%
1982-1983 Terry Cummings
1%
1962-1963 Terry Dischinger
1%
1957-1958 Woody Sauldsberry
1%
Aucun quiz correspondant
Distribution des résultats
% des personnes avec chaque résultat
Percentile par nombre de réponses
Votre historique - résultats
Vous n’avez pas pris ce quiz depuis la dernière actualisation